Prawda fałsz geografia Europy. - Statystyki

Ogólne statystyki
  • Ten quiz został rozwiązany 401 razy
  • Średni wynik to 10 z 15
Statystyki odpowiedzi
Zagadnienie Odpowiedź % Poprawnych
Kazachstan w całości leży w Europie Fałsz
96%
Najdłuższą rzeką Europy jest Dniepr. Fałsz
87%
Najwyższym szczytem Europy jest Mont Blanc. Prawda
87%
Góry Ural oddzielają Rosję od Estonii, Łotwy i Litwy. Fałsz
74%
Najbardziej wysunięty punkt na wschód Europy to Rosyjska wyspa Rudolfa. Fałsz
74%
Cypr leży w Europie Fałsz
70%
Większość Danii stanowi półwysep Jutlandzki. Prawda
70%
Dunaj przepływa przez 10 państw. Prawda
61%
Największym jeziorem Europy jest Ładoga, a najgłębszym Hornindalsvatnet. Prawda
61%
Najstarszym państwem Europy jest San Marino (nadal istniejącym), a najmłodszym Kosowo. Prawda
61%
Europa ma 46 państw Prawda
57%
W Europie jest 8 państw które ma jednego sąsiada. Fałsz
52%
W Europie znajdują się 3 państwa które są nieuznawane. Fałsz
52%
Monako ma największą gęstość zaludnienia na świecie. Prawda
48%
Największy półwysep (Europy) to Półwysep Iberyjski. Fałsz
35%
Nie znaleziono quizów pasujących do podanych kryteriów
Rozkład punktacji
Procent ludzi z każdym wynikiem
Percentyl według liczby udzielonych odpowiedzi
Twoja historia wyników
Nie rozwiązałeś tego quizu